000 00890cab a2200265 4500
001 WB2903-13
008 090401t1993 xxu||||| |||| 00| 0 eng d
035 _a(Sirsi) u31635
041 _aeng
245 _aGovernor warns on property
260 _c1993
350 _a0
490 _aTimes
_v21 January 1993, 21&23
490 _aFinancial Times
_v21 January 1993, 8(2)
520 _aRobin Leigh-Pemberton, Governor of the Bnak of England, has issued a warning that recovery in the property market is some way off and that property investments will no longer be the fastest route to personal and corporate wealth.
650 _aBANK OF ENGLAND
650 _aBPF CONFERENCE
650 _aHOME OWNERSHIP
650 _aLEASE REFORM
650 _aLEASE STRUCTURE
650 _aPROPERTY OWNERSHIP
690 _aPROPERTY-COMMERCIAL PROPERTY
942 _n0
948 _c04/03/1997
999 _c21234
_d21234